Vybrané ukazatele životního prostředí ve vztahu k zemědělství.

Štatistické údaje o vybraných ukazovateľoch životného prostredia vo vzťahu k poľnohospodárstvu. Merná emisia základných znečisťujúcich látok na území ČSFR v rokoch 1980-1989. Závlahy a rekultivizácia pôdy. Spotreba priemyselných hnojív v kalendárnom roku a na 1 ha poľnohospodárskej pôdy.

Salvato in:
Dettagli Bibliografici
Natura: Capitolo di libro
Lingua:ceco
Soggetti:
Tags: Aggiungi Tag
Nessun Tag, puoi essere il primo ad aggiungerne!!

MARC

LEADER 00000naa a2200000 4500
001 r005063
005 20221125081649.7
041 0 |a cze 
044 |a [CS] 
245 1 0 |a Vybrané ukazatele životního prostředí ve vztahu k zemědělství. 
520 |a Štatistické údaje o vybraných ukazovateľoch životného prostredia vo vzťahu k poľnohospodárstvu. Merná emisia základných znečisťujúcich látok na území ČSFR v rokoch 1980-1989. Závlahy a rekultivizácia pôdy. Spotreba priemyselných hnojív v kalendárnom roku a na 1 ha poľnohospodárskej pôdy. 
610 2 0 |a údaje štatistické 
610 2 0 |a prostredie životné 
610 2 0 |a poľnohospodárstvo 
610 2 0 |a 1980-1989 
610 2 0 |a zavlažovanie 
610 2 0 |a ČSFR 
610 2 0 |a rekultivácia 
610 2 0 |a pôda poľnohospodárska 
610 2 0 |a hnojivá umelé